[Event "Tata Steel India Blitz w"]
[Site "Kolkata IND"]
[Date "2026.01.10"]
[Round "5.3"]
[White "Yip, Carissa"]
[Black "Tsolakidou, Stavroula"]
[Result "0-1"]
[WhiteTitle "IM"]
[BlackTitle "IM"]
[WhiteElo "2466"]
[BlackElo "2479"]
[WhiteFideId "2090732"]
[BlackFideId "4264312"]
[EventDate "2026.01.10"]

1. e4 e5 2. Nf3 Nc6 3. Bc4 d6 4. d4 Nf6 5. O-O Be7 6. d5 Nb8 7. Bd3 Nbd7 8. c4
Nc5 9. Nc3 Nxd3 10. Qxd3 O-O 11. Bd2 Nh5 12. b4 f5 13. Rac1 f4 14. c5 a6 15.
cxd6 cxd6 16. Ne1 g5 17. a4 g4 18. a5 Bd7 19. Nc2 Qe8 20. Na3 f3 21. g3 Rc8 22.
Nc4 Rxc4 23. Qxc4 Ng7 24. Rfe1 Qh5 25. Be3 Rc8 26. Qf1 Bg5 27. Bxg5 Qxg5 28.
Red1 Qh5 29. h4 gxh3 30. Kh2 Ne8 31. g4 Bxg4 32. Qg1 Nf6 33. Na2 Rf8 34. Re1 Kh8
35. Rc7 Rg8 36. Rec1 0-1

[Event "Tata Steel India Blitz w"]
[Site "Kolkata IND"]
[Date "2026.01.10"]
[Round "5.4"]
[White "Dronavalli, Harika"]
[Black "Goryachkina, Aleksandra"]
[Result "1/2-1/2"]
[WhiteTitle "GM"]
[BlackTitle "GM"]
[WhiteElo "2466"]
[BlackElo "2534"]
[WhiteFideId "5015197"]
[BlackFideId "4147103"]
[EventDate "2026.01.10"]

1. Nf3 d5 2. e3 Nf6 3. c4 e6 4. Nc3 Be7 5. b3 c5 6. cxd5 exd5 7. d4 O-O 8. Bb2
Nc6 9. Be2 Ne4 10. dxc5 Bf6 11. Rc1 Qa5 12. Nd4 Nxc5 13. Nxc6 bxc6 14. O-O Ne4
15. Qc2 Nxc3 16. Bxc3 Bxc3 17. Qxc3 Qxa2 18. Bf3 Rb8 19. Qxc6 Be6 20. Qc5 Qxb3
21. Qxa7 h6 22. Qd4 Rfd8 23. Rfd1 Rb4 24. Qd3 Qxd3 25. Rxd3 Rb7 26. h3 Rbd7 27.
Rd4 Kf8 28. Rcd1 Ke7 29. Kh2 g5 30. h4 Kf6 31. hxg5+ hxg5 32. Kg3 Ke7 33. R4d2
Rd6 34. Rd4 R6d7 35. R4d2 Rd6 36. Rd4 1/2-1/2

[Event "Tata Steel India Blitz w"]
[Site "Kolkata IND"]
[Date "2026.01.10"]
[Round "5.5"]
[White "Dzagnidze, Nana"]
[Black "Vantika, Agrawal"]
[Result "1/2-1/2"]
[WhiteTitle "GM"]
[BlackTitle "IM"]
[WhiteElo "2469"]
[BlackElo "2375"]
[WhiteFideId "13601903"]
[BlackFideId "25050389"]
[EventDate "2026.01.10"]

1. Nf3 d5 2. c4 e6 3. b3 c5 4. cxd5 exd5 5. Bb2 Nf6 6. g3 Nc6 7. Bg2 d4 8. O-O
Bd6 9. e3 O-O 10. Na3 Bg4 11. h3 Bh5 12. Nc4 Bc7 13. Re1 Rb8 14. exd4 cxd4 15.
g4 Bg6 16. Nh4 Nb4 17. Nxg6 hxg6 18. d3 b5 19. Ne5 Re8 20. Nf3 Rxe1+ 21. Nxe1
Qd6 22. Qd2 Re8 23. Nf3 Bb6 24. Ba3 a5 25. Ng5 Nfd5 26. Ne4 Qd7 27. Rc1 Nc3 28.
Nxc3 dxc3 29. Rxc3 Bd4 30. Rc1 Qd6 31. Rd1 Rd8 32. Bxb4 axb4 33. Qe2 g5 34. Be4
g6 35. Qf3 Kg7 36. Rd2 Rc8 37. Re2 Rc1+ 38. Kg2 Be5 39. Bd5 Bf4 40. d4 Qc7 41.
Qe4 Bd6 42. Qf3 Bf4 43. Qd3 Qd7 44. Bf3 Rc3 45. Qe4 Qd6 46. Qd5 Qxd5 47. Bxd5
Kf6 48. Be4 Rc1 49. Bd3 Rd1 50. Bxb5 Rxd4 51. Bc4 Rd2 52. Kf3 Rxe2 53. Kxe2 Ke7
54. Kd3 Bc1 55. Ke4 f6 56. Kd5 Kf8 57. Ke6 Kg7 58. Bd3 Bd2 59. a4 bxa3 60. Bb1
Be1 61. f3 Bb4 62. Kd5 f5 63. Kc4 Bd6 64. b4 fxg4 65. fxg4 Kf6 66. Kb3 Ke7 67.
Kxa3 Bg3 68. Kb3 Kd6 69. Bxg6 Kc7 70. Kc4 Kb6 71. b5 Bh4 72. Bd3 Bg3 73. Kd5 Bh4
74. Ke6 Bg3 75. Kf5 Bh4 76. Be2 Kc5 77. Ke4 Kb6 78. Kd5 Bg3 79. Kc4 Bh4 80. Bf3
Bg3 1/2-1/2

[Event "Tata Steel India Blitz w"]
[Site "Kolkata IND"]
[Date "2026.01.10"]
[Round "6.1"]
[White "Vantika, Agrawal"]
[Black "Yip, Carissa"]
[Result "1-0"]
[WhiteTitle "IM"]
[BlackTitle "IM"]
[WhiteElo "2375"]
[BlackElo "2466"]
[WhiteFideId "25050389"]
[BlackFideId "2090732"]
[EventDate "2026.01.10"]

1. d4 g6 2. c4 Bg7 3. Nf3 d6 4. g3 c5 5. Bg2 cxd4 6. Nxd4 Qb6 7. Nb3 Qb4+ 8.
N3d2 Nf6 9. Nc3 Nc6 10. a3 Qb6 11. O-O h5 12. Nd5 Nxd5 13. cxd5 Ne5 14. h3 Bd7
15. a4 a5 16. Ra3 Rc8 17. Kh2 Qa7 18. Re3 h4 19. Ne4 hxg3+ 20. Rxg3 Bf5 21. Nc3
Ng4+ 22. Kg1 Be5 23. Rf3 Nf6 24. Be3 Qa6 25. Bd4 Qc4 26. Bxe5 dxe5 27. Re3 Qf4
28. Qb3 Ng4 29. Rg3 Nxf2 30. Rf3 Nxh3+ 31. Rxh3 Qd4+ 32. e3 Bxh3 33. exd4 Bxg2
34. Kxg2 exd4 35. Nb5 Rh4 36. d6 e6 37. Nc7+ Kd7 38. Rxf7+ Kxd6 39. Qxe6+ Kc5
40. Qd5+ 1-0

[Event "Tata Steel India Blitz w"]
[Site "Kolkata IND"]
[Date "2026.01.10"]
[Round "6.2"]
[White "Goryachkina, Aleksandra"]
[Black "Vaishali, Rameshbabu"]
[Result "1-0"]
[WhiteTitle "GM"]
[BlackTitle "GM"]
[WhiteElo "2534"]
[BlackElo "2470"]
[WhiteFideId "4147103"]
[BlackFideId "5091756"]
[EventDate "2026.01.10"]

1. e4 e5 2. Nf3 Nc6 3. Bb5 a6 4. Ba4 Nf6 5. O-O d6 6. Bxc6+ bxc6 7. Re1 Be7 8.
d4 exd4 9. Nxd4 c5 10. Nc6 Qd7 11. Nxe7 Qxe7 12. Bf4 O-O 13. e5 dxe5 14. Bxe5
Be6 15. Nc3 Ng4 16. Bg3 Rad8 17. Qxg4 1-0

[Event "Tata Steel India Blitz w"]
[Site "Kolkata IND"]
[Date "2026.01.10"]
[Round "6.3"]
[White "Lagno, Kateryna"]
[Black "Dzagnidze, Nana"]
[Result "1-0"]
[WhiteTitle "GM"]
[BlackTitle "GM"]
[WhiteElo "2508"]
[BlackElo "2469"]
[WhiteFideId "14109336"]
[BlackFideId "13601903"]
[EventDate "2026.01.10"]

1. e4 c5 2. Nf3 d6 3. Bb5+ Bd7 4. Bxd7+ Qxd7 5. d4 cxd4 6. Qxd4 Nc6 7. Qd3 g6 8.
O-O Bg7 9. c4 Rc8 10. Nc3 Nb4 11. Qd2 Rxc4 12. Rd1 Nf6 13. a3 Na6 14. Qe2 Qc8
15. e5 dxe5 16. Nxe5 Rc5 17. Na4 Rc7 18. Qb5+ Nd7 19. Bf4 g5 20. Bg3 Nb8 21.
Nxd7 Nxd7 22. Bxc7 1-0

[Event "Tata Steel India Blitz w"]
[Site "Kolkata IND"]
[Date "2026.01.10"]
[Round "6.4"]
[White "Rakshitta, Ravi"]
[Black "Tsolakidou, Stavroula"]
[Result "0-1"]
[WhiteTitle "WGM"]
[BlackTitle "IM"]
[WhiteElo "2321"]
[BlackElo "2479"]
[WhiteFideId "25073230"]
[BlackFideId "4264312"]
[EventDate "2026.01.10"]

1. e4 e5 2. Nf3 Nc6 3. d4 exd4 4. Bc4 Nf6 5. e5 d5 6. Bb5 Nd7 7. O-O Be7 8. Bxc6
bxc6 9. Nxd4 Nb8 10. Qf3 O-O 11. Rd1 c5 12. Nf5 c6 13. Nxe7+ Qxe7 14. Qg3 Bf5
15. c3 Nd7 16. Re1 f6 17. Bf4 fxe5 18. Bxe5 Rae8 19. f4 Nxe5 20. Rxe5 Qb7 21. b3
Rxe5 22. fxe5 Qa6 23. Nd2 Qe2 24. Nf3 Be4 25. Re1 Qc2 26. e6 Qxc3 27. e7 Re8 28.
Qd6 Qf6 29. Qxc5 Rxe7 30. Nd2 h6 31. Nxe4 dxe4 32. h3 Qe6 33. Re3 Rd7 34. Qc2
Rd4 35. Qe2 Qd5 36. Kh2 Qd6+ 37. Kg1 Rd1+ 38. Kf2 Rd2 0-1

[Event "Tata Steel India Blitz w"]
[Site "Kolkata IND"]
[Date "2026.01.10"]
[Round "6.5"]
[White "Divya, Deshmukh"]
[Black "Dronavalli, Harika"]
[Result "1-0"]
[WhiteTitle "GM"]
[BlackTitle "GM"]
[WhiteElo "2497"]
[BlackElo "2466"]
[WhiteFideId "35006916"]
[BlackFideId "5015197"]
[EventDate "2026.01.10"]

1. d4 g6 2. g3 Bg7 3. Bg2 d6 4. c4 Nf6 5. Nc3 O-O 6. Nf3 Nbd7 7. O-O e5 8. e4
exd4 9. Nxd4 Nc5 10. Re1 Re8 11. h3 Bd7 12. Nb3 Na4 13. Nxa4 Bxa4 14. Bd2 Nd7
15. Qc2 a5 16. Bc3 Nc5 17. Bxg7 Kxg7 18. Qc3+ Qf6 19. e5 Rxe5 20. Rxe5 Bxb3 21.
Rxc5 dxc5 22. axb3 Qxc3 23. bxc3 Ra7 24. Kf1 Kf6 25. Ra4 h5 26. b4 cxb4 27. cxb4
b6 28. b5 Ke5 29. Bc6 g5 30. Ke2 f6 31. Kd3 h4 32. gxh4 gxh4 33. Kc3 f5 34. Kb3
Kd4 35. c5+ Kxc5 36. Rxh4 Kd6 37. Ka4 1-0

[Event "Tata Steel India Blitz w"]
[Site "Kolkata IND"]
[Date "2026.01.10"]
[Round "7.1"]
[White "Dronavalli, Harika"]
[Black "Rakshitta, Ravi"]
[Result "1-0"]
[WhiteTitle "GM"]
[BlackTitle "WGM"]
[WhiteElo "2466"]
[BlackElo "2321"]
[WhiteFideId "5015197"]
[BlackFideId "25073230"]
[EventDate "2026.01.10"]

1. Nf3 Nf6 2. b3 c5 3. Bb2 Nc6 4. e3 d6 5. Be2 e5 6. d3 Be7 7. O-O O-O 8. c4 h6
9. d4 e4 10. Ne1 cxd4 11. exd4 d5 12. Nc2 Bd6 13. Nc3 Ne7 14. Ne3 a6 15. Rc1 b6
16. h3 Bb7 17. Na4 Rc8 18. c5 bxc5 19. dxc5 Bf4 20. Nb6 Qc7 21. Nxc8 Rxc8 22. b4
Bh2+ 23. Kh1 Be5 24. Bxe5 Qxe5 25. a4 d4 26. Nc4 Qd5 27. Nd6 d3 28. Bg4 Nxg4 29.
Qxg4 h5 30. Nxc8 Nxc8 31. Qg3 h4 32. Qg4 f5 33. Qg5 d2 34. Rcd1 Bc6 35. Rxd2 Qe6
36. Rd8+ Be8 37. Rfd1 Kh7 38. Qxh4+ Kg6 39. Qg3+ Kf7 40. Qc7+ 1-0

[Event "Tata Steel India Blitz w"]
[Site "Kolkata IND"]
[Date "2026.01.10"]
[Round "7.2"]
[White "Tsolakidou, Stavroula"]
[Black "Vantika, Agrawal"]
[Result "1-0"]
[WhiteTitle "IM"]
[BlackTitle "IM"]
[WhiteElo "2479"]
[BlackElo "2375"]
[WhiteFideId "4264312"]
[BlackFideId "25050389"]
[EventDate "2026.01.10"]

1. c4 e6 2. g3 d5 3. Bg2 Nf6 4. Nf3 d4 5. d3 Bb4+ 6. Nbd2 Nc6 7. a3 Bxd2+ 8.
Bxd2 e5 9. O-O O-O 10. b4 Re8 11. b5 Nb8 12. e3 dxe3 13. Bxe3 c6 14. a4 Bf5 15.
d4 e4 16. Ne5 Qc8 17. f3 exf3 18. Rxf3 Bg6 19. Nxg6 hxg6 20. Bf4 Nbd7 21. Rc1
Qd8 22. Rf2 Rc8 23. Re2 Rxe2 24. Qxe2 Nf8 25. Be5 N6d7 26. Bf4 Ne6 27. Be3 Nf6
28. Rd1 a6 29. d5 cxd5 30. cxd5 Nc5 31. d6 axb5 32. Qxb5 Nfd7 33. a5 Qe8 34. Bf2
Qd8 35. Re1 Ne6 36. Bxb7 Rc2 37. a6 Qf6 38. Rf1 Nd4 39. Qxd7 Ne2+ 40. Kg2 Qg5
41. a7 Nf4+ 42. Kh1 1-0

[Event "Tata Steel India Blitz w"]
[Site "Kolkata IND"]
[Date "2026.01.10"]
[Round "7.3"]
[White "Vaishali, Rameshbabu"]
[Black "Divya, Deshmukh"]
[Result "1-0"]
[WhiteTitle "GM"]
[BlackTitle "GM"]
[WhiteElo "2470"]
[BlackElo "2497"]
[WhiteFideId "5091756"]
[BlackFideId "35006916"]
[EventDate "2026.01.10"]

1. d4 g6 2. Nf3 Bg7 3. g3 d5 4. Bg2 c6 5. O-O Nf6 6. c4 dxc4 7. a4 Ne4 8. Na3
Nd6 9. Ne5 O-O 10. Qc2 Bf5 11. e4 Bc8 12. Be3 b5 13. h4 Bb7 14. h5 Nd7 15. f4
Nf6 16. hxg6 fxg6 17. g4 Nf7 18. axb5 cxb5 19. Nxb5 Nxe5 20. dxe5 Nxg4 21. Qxc4+
Kh8 22. Bd4 e6 23. Ra3 Rc8 24. Qxe6 Bc6 25. Nd6 Bd7 26. Qd5 Qe7 27. Nxc8 Rxc8
28. Rg3 h5 29. f5 Bc6 30. Qc4 Bb7 31. Qe6 Qd8 32. Bc3 Rc6 33. Qb3 Rb6 34. Qc2
Bh6 35. e6+ Kg8 36. f6 Rxe6 37. f7+ Kh7 38. Qb3 Rb6 39. Qc4 Qh4 40. Rh3 Qe7 41.
Qd4 Qf8 42. e5 Bxg2 43. Kxg2 Bg7 44. Qe4 Nh6 45. Rxh5 Re6 46. Rg5 Nf5 47. Rgxf5
gxf5 48. Qxf5+ Rg6+ 49. Kf3 Qa8+ 50. Ke2 Qd5 51. Qh5+ Rh6 52. Qf5+ Rg6 53. Qh3+
Bh6 54. f8=N+ Kg7 55. Nxg6 Qe4+ 56. Kf2 Qc2+ 57. Kg1 Qxg6+ 58. Qg2 Be3+ 59. Kh1
Bg5 60. e6+ Kg8 61. Qa8+ 1-0

[Event "Tata Steel India Blitz w"]
[Site "Kolkata IND"]
[Date "2026.01.10"]
[Round "7.4"]
[White "Yip, Carissa"]
[Black "Lagno, Kateryna"]
[Result "1-0"]
[WhiteTitle "IM"]
[BlackTitle "GM"]
[WhiteElo "2466"]
[BlackElo "2508"]
[WhiteFideId "2090732"]
[BlackFideId "14109336"]
[EventDate "2026.01.10"]

1. e4 e5 2. Nf3 Nc6 3. Bc4 Nf6 4. d3 d5 5. exd5 Nxd5 6. O-O Nb6 7. Bb5 Bd6 8. a4
O-O 9. a5 Nd7 10. a6 Nb4 11. axb7 Bxb7 12. c3 Nd5 13. Nbd2 a6 14. Bc4 Kh8 15.
Re1 f5 16. Ba2 Qf6 17. Nc4 Rae8 18. Ng5 Qg6 19. Bd2 Nc5 20. Na5 Ba8 21. Bc4 f4
22. Ne4 f3 23. g3 Nxe4 24. dxe4 Nf6 25. Bd3 Nxe4 26. Ra4 Nxf2 27. Bxg6 Nxd1 28.
Rxd1 hxg6 29. Be3 e4 30. Kf2 Be5 31. Nc4 Bf6 32. Rxa6 Rd8 33. Rd2 Bd5 34. Na5
Bf7 35. Rc6 Rxd2+ 36. Bxd2 Rd8 37. Be3 Be5 38. Nc4 Bf6 39. Rxc7 Be6 40. Nd2 Bf5
41. Rc4 Re8 42. g4 Bh4+ 43. Kf1 Bxg4 44. Rxe4 Bh3+ 45. Kg1 Rxe4 46. Nxe4 Kg8 47.
Bf2 Bd8 48. b4 Bf5 49. Nd6 Kf8 50. b5 Ke7 51. Nxf5+ gxf5 52. Bh4+ Kd7 53. Bxd8
Kxd8 54. Kf2 1-0

[Event "Tata Steel India Blitz w"]
[Site "Kolkata IND"]
[Date "2026.01.10"]
[Round "7.5"]
[White "Dzagnidze, Nana"]
[Black "Goryachkina, Aleksandra"]
[Result "1/2-1/2"]
[WhiteTitle "GM"]
[BlackTitle "GM"]
[WhiteElo "2469"]
[BlackElo "2534"]
[WhiteFideId "13601903"]
[BlackFideId "4147103"]
[EventDate "2026.01.10"]

1. d4 d5 2. c4 e6 3. Nc3 Nf6 4. cxd5 exd5 5. Bg5 Be7 6. e3 h6 7. Bh4 O-O 8. Bd3
Re8 9. Nge2 c6 10. O-O Nh5 11. Bxe7 Qxe7 12. Rb1 a5 13. Qd2 Nd7 14. Rbe1 Ndf6
15. Nf4 Bd7 16. Bb1 Nxf4 17. exf4 Qd6 18. Re5 Ng4 19. Rh5 Nf6 20. Re5 Ng4 21.
Rh5 Nf6 1/2-1/2

[Event "Tata Steel India Blitz w"]
[Site "Kolkata IND"]
[Date "2026.01.10"]
[Round "8.1"]
[White "Goryachkina, Aleksandra"]
[Black "Yip, Carissa"]
[Result "1/2-1/2"]
[WhiteTitle "GM"]
[BlackTitle "IM"]
[WhiteElo "2534"]
[BlackElo "2466"]
[WhiteFideId "4147103"]
[BlackFideId "2090732"]
[EventDate "2026.01.10"]

1. e4 e5 2. Nf3 Nc6 3. Bb5 a6 4. Ba4 Nf6 5. O-O d6 6. Bxc6+ bxc6 7. Re1 Be7 8.
d4 exd4 9. Nxd4 Bd7 10. c4 O-O 11. Nc3 Re8 12. Bf4 Rb8 13. Qd2 Bf8 14. b3 h6 15.
Rad1 c5 16. Nc2 Bc6 17. f3 Nh5 18. Be3 a5 19. Na3 a4 20. Nab5 axb3 21. axb3 Ra8
22. Nd5 Bxb5 23. cxb5 Nf6 24. Nc3 Nd7 25. Nd5 Nf6 26. Nc3 Nd7 27. Nd5 Nf6 28.
Nc3 Nd7 29. Nd5 Nf6 1/2-1/2

[Event "Tata Steel India Blitz w"]
[Site "Kolkata IND"]
[Date "2026.01.10"]
[Round "8.2"]
[White "Divya, Deshmukh"]
[Black "Dzagnidze, Nana"]
[Result "1-0"]
[WhiteTitle "GM"]
[BlackTitle "GM"]
[WhiteElo "2497"]
[BlackElo "2469"]
[WhiteFideId "35006916"]
[BlackFideId "13601903"]
[EventDate "2026.01.10"]

1. d4 Nf6 2. g3 d5 3. Bg2 c6 4. Nf3 Bf5 5. c4 e6 6. Nc3 Nbd7 7. Nh4 dxc4 8. Nxf5
exf5 9. d5 cxd5 10. Nxd5 Nxd5 11. Qxd5 Bb4+ 12. Kf1 O-O 13. Qxf5 Be7 14. Bf4 Nc5
15. Rc1 Rc8 16. Bf3 b5 17. h4 Qb6 18. Be3 Qf6 19. Qc2 Nd3 20. Bg5 Qb6 21. exd3
Bc5 22. dxc4 Bd4 23. Kg2 Rxc4 24. Qd2 h6 25. Be3 Rd8 26. Rxc4 bxc4 27. Rd1 1-0

[Event "Tata Steel India Blitz w"]
[Site "Kolkata IND"]
[Date "2026.01.10"]
[Round "8.3"]
[White "Lagno, Kateryna"]
[Black "Tsolakidou, Stavroula"]
[Result "1-0"]
[WhiteTitle "GM"]
[BlackTitle "IM"]
[WhiteElo "2508"]
[BlackElo "2479"]
[WhiteFideId "14109336"]
[BlackFideId "4264312"]
[EventDate "2026.01.10"]

1. e4 e5 2. Nf3 Nc6 3. Bb5 a6 4. Ba4 f5 5. d4 exd4 6. e5 b5 7. Bb3 Na5 8. Bd5 c6
9. Bxg8 Rxg8 10. Qxd4 Bb7 11. O-O c5 12. Qf4 g6 13. Rd1 Qb6 14. Qh4 Bxf3 15.
gxf3 Be7 16. Bg5 Bxg5 17. Qxg5 h6 18. Qxh6 Qc6 19. Nc3 Qxf3 20. Nd5 Qg4+ 21. Kf1
Qc4+ 22. Rd3 Qe4 23. Nf6+ 1-0

[Event "Tata Steel India Blitz w"]
[Site "Kolkata IND"]
[Date "2026.01.10"]
[Round "8.4"]
[White "Rakshitta, Ravi"]
[Black "Vantika, Agrawal"]
[Result "1-0"]
[WhiteTitle "WGM"]
[BlackTitle "IM"]
[WhiteElo "2321"]
[BlackElo "2375"]
[WhiteFideId "25073230"]
[BlackFideId "25050389"]
[EventDate "2026.01.10"]

1. e4 c5 2. Nf3 d6 3. Bb5+ Bd7 4. a4 Nf6 5. Nc3 g6 6. O-O Bg7 7. e5 dxe5 8. Nxe5
O-O 9. Qf3 Bc8 10. d3 Nbd7 11. Nxd7 Nxd7 12. Re1 Ne5 13. Qg3 Nc6 14. Bxc6 bxc6
15. Be3 Qd6 16. Bf4 Qd7 17. Rab1 f6 18. Ne4 e5 19. Be3 c4 20. dxc4 f5 21. Nc5
Qf7 22. f4 Qxc4 23. b3 Qf7 24. Qf2 e4 25. Rbd1 a5 26. c4 Rb8 27. Rd6 Re8 28.
Red1 Bf8 29. Rd8 Be6 30. Rxb8 Rxb8 31. Qd2 Bxc5 32. Bxc5 Rxb3 33. Qd8+ Kg7 34.
Bd4+ Kh6 35. Qh4# 1-0

[Event "Tata Steel India Blitz w"]
[Site "Kolkata IND"]
[Date "2026.01.10"]
[Round "8.5"]
[White "Dronavalli, Harika"]
[Black "Vaishali, Rameshbabu"]
[Result "0-1"]
[WhiteTitle "GM"]
[BlackTitle "GM"]
[WhiteElo "2466"]
[BlackElo "2470"]
[WhiteFideId "5015197"]
[BlackFideId "5091756"]
[EventDate "2026.01.10"]

1. Nf3 Nf6 2. d4 d5 3. Bf4 c5 4. e3 e6 5. Be2 Nc6 6. O-O Bd6 7. dxc5 Bxc5 8. c4
O-O 9. Nc3 h6 10. Rc1 Be7 11. h3 a6 12. cxd5 Nxd5 13. Nxd5 Qxd5 14. Qxd5 exd5
15. Rfd1 Be6 16. Ne5 Rfc8 17. Bg4 g5 18. Bxe6 fxe6 19. Bg3 Nxe5 20. Bxe5 Kf7 21.
Kf1 Bf6 22. Bxf6 Kxf6 23. Ke2 Ke5 24. Kd3 h5 25. g3 Rf8 26. f4+ gxf4 27. gxf4+
Kd6 28. Rg1 Rg8 29. Rg5 h4 30. Rcg1 Rxg5 31. Rxg5 Rh8 32. Rg6 Rh5 33. Kd4 b6 34.
b3 a5 35. a4 Kd7 36. Rg7+ Kd6 37. Rg8 Rh7 38. Rg4 Rh5 39. Rg6 Kd7 40. e4 dxe4
41. Kxe4 Kd6 42. Rg5 Rh8 43. Rb5 Kc6 44. Re5 Kd6 45. Rb5 Kc6 46. Re5 Kd6 47. Rg5
Rc8 48. Rb5 Kc6 49. Rh5 Kd6 50. Rb5 Kc6 51. f5 exf5+ 52. Rxf5 Rg8 53. Rh5 Rg3
54. Rxh4 Rxb3 55. Ke5 Kc5 56. Rh8 Re3+ 57. Kf4 Ra3 58. h4 Rxa4+ 59. Kf5 b5 60.
h5 Rh4 61. h6 Kb4 62. h7 a4 63. Kg5 Rh1 64. Kg6 a3 65. Re8 a2 66. Ra8 Kb3 67.
Kg7 b4 68. Ra6 Rxh7+ 69. Kxh7 Kb2 70. Kg6 a1=Q 0-1

[Event "Tata Steel India Blitz w"]
[Site "Kolkata IND"]
[Date "2026.01.10"]
[Round "9.1"]
[White "Vantika, Agrawal"]
[Black "Lagno, Kateryna"]
[Result "1/2-1/2"]
[WhiteTitle "IM"]
[BlackTitle "GM"]
[WhiteElo "2375"]
[BlackElo "2508"]
[WhiteFideId "25050389"]
[BlackFideId "14109336"]
[EventDate "2026.01.10"]

1. d4 Nf6 2. c4 e6 3. Nf3 d5 4. g3 Be7 5. Bg2 O-O 6. O-O dxc4 7. Qa4 a6 8. Qxc4
b5 9. Qc2 Bb7 10. Bd2 Nc6 11. e3 Nb4 12. Bxb4 Bxb4 13. a3 Bd6 14. Nc3 c5 15.
dxc5 Bxc5 16. Rfd1 Qb6 17. Ng5 Bxg2 18. Kxg2 Rac8 19. Nge4 Be7 20. Qe2 Rc4 21.
Nd2 Rc7 22. Nf3 Rfc8 23. Rd3 h6 24. e4 b4 25. axb4 Bxb4 26. e5 Bxc3 27. Rxc3
Rxc3 28. bxc3 Nd5 29. Qxa6 Qc5 30. c4 Nc3 31. Ra5 Qxc4 32. Qxc4 Rxc4 33. Ra8+
Kh7 34. Ra7 Kg8 35. Ra8+ Kh7 36. Ra7 1/2-1/2

[Event "Tata Steel India Blitz w"]
[Site "Kolkata IND"]
[Date "2026.01.10"]
[Round "9.2"]
[White "Vaishali, Rameshbabu"]
[Black "Rakshitta, Ravi"]
[Result "1-0"]
[WhiteTitle "GM"]
[BlackTitle "WGM"]
[WhiteElo "2470"]
[BlackElo "2321"]
[WhiteFideId "5091756"]
[BlackFideId "25073230"]
[EventDate "2026.01.10"]

1. e4 e5 2. Nf3 Nc6 3. Nc3 Nf6 4. Bb5 Nd4 5. O-O c6 6. Bd3 Nxf3+ 7. Qxf3 d6 8.
Be2 g6 9. d3 Bg7 10. Qg3 h6 11. f4 Qe7 12. a4 Nd7 13. a5 Nc5 14. f5 g5 15. Qf2
Bf6 16. Bh5 Nd7 17. Be3 Bg7 18. Bxa7 Nf6 19. Be2 h5 20. Na4 Bd7 21. Be3 g4 22.
Nb6 Rd8 23. Bg5 Bh6 24. Bh4 Kf8 25. a6 bxa6 26. Rxa6 Kg7 27. Ra7 Qe8 28. Rfa1
Rg8 29. Rb7 Bc8 30. Rc7 Nd7 31. Raa7 1-0

[Event "Tata Steel India Blitz w"]
[Site "Kolkata IND"]
[Date "2026.01.10"]
[Round "9.3"]
[White "Dzagnidze, Nana"]
[Black "Dronavalli, Harika"]
[Result "0-1"]
[WhiteTitle "GM"]
[BlackTitle "GM"]
[WhiteElo "2469"]
[BlackElo "2466"]
[WhiteFideId "13601903"]
[BlackFideId "5015197"]
[EventDate "2026.01.10"]

1. Nf3 g6 2. c4 Bg7 3. g3 e5 4. Nc3 d6 5. Bg2 f5 6. d3 Nf6 7. O-O O-O 8. Rb1 a5
9. a3 c6 10. b4 axb4 11. axb4 h6 12. c5 Be6 13. cxd6 Qxd6 14. Nd2 Nbd7 15. Nc4
Bxc4 16. dxc4 Qxd1 17. Rxd1 e4 18. b5 Ne5 19. c5 Rfd8 20. Bf4 Nfd7 21. bxc6 bxc6
22. Rdc1 g5 23. Bxe5 Nxe5 24. f3 exf3 25. exf3 Rd2 26. Rd1 Rad8 27. f4 gxf4 28.
gxf4 Ng4 29. Rxd2 Rxd2 30. Nd1 Bd4+ 31. Kh1 Rxd1+ 32. Rxd1 Nf2+ 33. Kg1 Nxd1+
34. Kh1 Nf2+ 35. Kg1 Ne4+ 36. Kf1 Kf7 37. Ke2 Bxc5 38. Kd3 Ke6 39. Kc4 Bg1 40.
h3 Be3 0-1

[Event "Tata Steel India Blitz w"]
[Site "Kolkata IND"]
[Date "2026.01.10"]
[Round "9.4"]
[White "Yip, Carissa"]
[Black "Divya, Deshmukh"]
[Result "1/2-1/2"]
[WhiteTitle "IM"]
[BlackTitle "GM"]
[WhiteElo "2466"]
[BlackElo "2497"]
[WhiteFideId "2090732"]
[BlackFideId "35006916"]
[EventDate "2026.01.10"]

1. e4 e5 2. Nf3 d6 3. d4 exd4 4. Nxd4 Nf6 5. Nc3 Be7 6. Bf4 O-O 7. Qd2 Nc6 8.
O-O-O Nxd4 9. Qxd4 Be6 10. f3 a6 11. g4 b5 12. Kb1 c6 13. Bxd6 Bxd6 14. Qxd6 Qa5
15. a3 Rfd8 16. Qb4 Qb6 17. Rxd8+ Rxd8 18. e5 Nd5 19. Nxd5 Rxd5 20. Bd3 Rxe5 21.
f4 c5 22. Qc3 Rd5 23. f5 Bd7 24. Re1 h5 25. Be4 Rd4 26. gxh5 Qd6 27. Qg3 Qf6 28.
Qc7 Bxf5 29. Bxf5 Qxf5 30. h6 gxh6 31. Rg1+ Kh7 32. Qg3 Qg6 33. Qf2 Qe6 34. Qg3
Qg6 35. Qf2 Qe6 36. Qg3 Qg6 37. Qf2 1/2-1/2

[Event "Tata Steel India Blitz w"]
[Site "Kolkata IND"]
[Date "2026.01.10"]
[Round "9.5"]
[White "Tsolakidou, Stavroula"]
[Black "Goryachkina, Aleksandra"]
[Result "1-0"]
[WhiteTitle "IM"]
[BlackTitle "GM"]
[WhiteElo "2479"]
[BlackElo "2534"]
[WhiteFideId "4264312"]
[BlackFideId "4147103"]
[EventDate "2026.01.10"]

1. c4 e6 2. g3 d5 3. Bg2 Nf6 4. Nf3 Be7 5. O-O O-O 6. d3 c5 7. Ne5 Qc7 8. f4 a6
9. e4 dxe4 10. dxe4 Nbd7 11. Nd3 e5 12. f5 b5 13. Nc3 bxc4 14. Nf2 Rd8 15. g4 h6
16. Qe2 Bb7 17. Qxc4 Nb6 18. Qe2 a5 19. Qf3 a4 20. h4 Nh7 21. Qg3 f6 22. Nh3 c4
23. g5 hxg5 24. hxg5 Rd3 25. Rf3 fxg5 26. Nxg5 Nxg5 27. Bxg5 Bxg5 28. Qxg5 Qd8
29. Qg3 a3 30. f6 Qc7 31. Rxd3 cxd3 32. b3 Rf8 33. Rf1 Rf7 34. Nd1 Qd6 35. fxg7
Rxg7 36. Qf3 Nd7 37. Ne3 d2 38. Nf5 Qb6+ 39. Kh2 Rh7+ 40. Bh3 Nf8 41. Rg1+ Qxg1+
42. Kxg1 1-0